| 000 | 00431nam a2200181Ia 4500 | ||
|---|---|---|---|
| 005 | 20250423101443.0 | ||
| 008 | 250422s9999 xx 000 0 und d | ||
| 020 | _a0-13-852146-8 | ||
| 050 | _aHD30.28.H3885 | ||
| 100 | _aArnoldo C. Hax | ||
| 245 | 4 | _aThe Strategy concept and process | |
| 260 | _aNew Jersey | ||
| 260 | _bPrentice Hall | ||
| 260 | _c1991 | ||
| 300 | _a430 p | ||
| 650 | _aStrategic Planning | ||
| 942 | _cBK | ||
| 999 |
_c36341 _d36341 |
||